Path integrals in quantum mechanics /

Guardado en:
Autor Principal: Zinn-Justin, Jean.
Formato: Libro
Idioma:English
Publicado: Oxford : Oxford University Press, 2005.
Series:Oxford graduate texts
Materias:
Acceso en línea:Publisher description
Etiquetas: Agregar Etiqueta
Sin Etiquetas, Sea el primero en etiquetar este registro!
LEADER 01386cam a2200277 a 4500
001 MAT.inmabb003972
008 050316s2005####enka#####b####001#0#eng##
005 20171226175909.0
245 1 0 |a Path integrals in quantum mechanics /  |c J. Zinn-Justin. 
260 |a Oxford :  |b Oxford University Press,  |c 2005. 
300 |a xiii, 318 p. :  |b il. ;  |c 25 cm. 
440 0 |a Oxford graduate texts 
504 |a Incluye referencias bibliográficas (p. [311]-313) e índice. 
505 0 |a 1. Gaussian integrals -- 2. Path integral in quantum mechanics -- 3. Partition function and spectrum -- 4. Classical and quantum statistical physics -- 5. Path integrals and quantization -- 6. Path integrals and holomorphic formalism -- 7. Path integrals: fermions -- 8. Barrier penetration: semi-classical approximation -- 9. Quantum evolution and scattering matrix -- 10. Path integrals in phase space -- Appendix: Quantum mechanics: minimal background 
510 4 |a MR,  |c 2006g:58027 
020 |a 0198566743 
100 1 |a Zinn-Justin, Jean. 
650 0 |a Path integrals. 
650 0 |a Quantum theory. 
650 0 |a Statistical physics. 
084 |a 81S40 (81-02 58D30)  |2 msc2000 
010 |a  2005272340 
016 7 |a 013032966  |2 Uk 
040 |a UKM  |c UKM  |d ERE  |d DLC 
856 4 2 |3 Publisher description  |u http://www.loc.gov/catdir/enhancements/fy0626/2005272340-d.html 
859 |h 81  |i Z78  |p A-8317  |b BIB. MATEMATICA